[Event "Seniorenkampioenschap 2014"]
[Site "Oosterbeek, Netherlands"]
[Date "2014.07.09"]
[Round "5"]
[White "Goossen, Theo"]
[Black "Schouten, Nico"]
[Result "1/2-1/2"]
[WhiteElo "1970"]
[BlackElo "2232"]
[PlyCount "128"]
[EventDate "2014.??.??"]

1. e4 e5 2. Nf3 Nc6 3. Bb5 a6 4. Bxc6 dxc6 5. O-O Ne7 6. Nxe5 Qd4 7. Qh5 g6 8.
Nf3 Qxe4 9. Qa5 Qxc2 10. Qxc7 f6 11. d4 Qf5 12. Nc3 Qd7 13. Bf4 Qxc7 14. Bxc7
Kf7 15. Rfe1 Bg4 16. Ne4 Nd5 17. Bg3 Bxf3 18. gxf3 Rd8 19. Nc5 Bxc5 20. dxc5
Rhe8 21. Re4 f5 22. Rd4 Re2 23. b4 Rde8 24. a4 Rb2 25. b5 axb5 26. axb5 Rxb5
27. Ra7 Re1+ 28. Kg2 Rbb1 29. Rxd5 cxd5 30. c6 Ke6 31. cxb7 Rg1+ 32. Kh3 Rxg3+
33. Kxg3 Rb4 34. h4 Kd6 35. b8=Q+ Rxb8 36. Rxh7 Ke5 37. Re7+ Kf6 38. Rd7 Ke6
39. Rg7 Kf6 40. Rd7 Ke5 41. Re7+ Kd4 42. Re6 Rb1 43. Kg2 Rb7 44. Rxg6 Ke5 45.
Kg3 d4 46. f4+ Kd5 47. h5 Ke4 48. Re6+ Kd3 49. h6 Kd2 50. Rg6 d3 51. Rf6 Rd7
52. Rxf5 Ke2 53. Re5+ Kf1 54. Rh5 d2 55. h7 Rg7+ 56. Rg5 Rxh7 57. Rd5 Ke2 58.
f5 d1=Q 59. Rxd1 Kxd1 60. Kf4 Ke2 61. f6 Kd3 62. Ke5 Rh5+ 63. Ke6 Ke4 64. f7
Rf5 1/2-1/2

[Event "Seniorenkampioenschap 2014"]
[Site "Oosterbeek, Netherlands"]
[Date "2014.07.09"]
[Round "5"]
[White "Lootsma, Jan"]
[Black "Hoynck van Papendrecht, Frans"]
[Result "1/2-1/2"]
[WhiteElo "1991"]
[BlackElo "2074"]
[PlyCount "125"]
[EventDate "2014.??.??"]

1. e4 e6 2. Nf3 d5 3. e5 f6 4. d4 Nc6 5. c3 fxe5 6. dxe5 Bc5 7. Bd3 Nge7 8. O-O
Nf5 9. Nbd2 O-O 10. Nb3 Bb6 11. a4 a6 12. a5 Ba7 13. Bg5 Qe8 14. Nbd4 Nfxd4 15.
cxd4 Qh5 16. Be3 h6 17. Rc1 Bd7 18. Be2 Qf7 19. Nh4 Be8 20. Qd2 Qe7 21. g3 g5
22. Ng2 Bg6 23. h4 Qh7 24. hxg5 hxg5 25. Rxc6 bxc6 26. Bxg5 c5 27. dxc5 Bxc5
28. Nh4 Be4 29. Bf6 Rxf6 30. exf6 Kf7 31. Qg5 Rg8 32. Bh5+ Kf8 33. Qe5 Bd6 34.
Qxe6 Qxh5 35. Qc8+ Qe8 36. Qxa6 Rh8 37. f3 Bxg3 38. fxe4 Bxh4 39. f7 Qd8 40.
Rf5 dxe4 41. Qb5 Qd1+ 42. Kg2 Qc2+ 43. Kg1 Qd1+ 44. Kg2 Qg4+ 45. Kf1 Qh3+ 46.
Ke2 Qh2+ 47. Kd1 Qd6+ 48. Kc2 Be7 49. Rf2 c6 50. Qc4 Rh1 51. Rd2 Qc5 52. Rd8+
Kg7 53. Rg8+ Kf6 54. Qxc5 Bxc5 55. f8=Q+ Bxf8 56. Rxf8+ Ke5 57. Kc3 Rc1+ 58.
Kd2 Ra1 59. Rc8 Kd5 60. Ra8 Ra2 61. Kc3 e3 62. Re8 Rxa5 63. Rxe3 1/2-1/2

[Event "Seniorenkampioenschap 2014"]
[Site "Oosterbeek, Netherlands"]
[Date "2014.07.09"]
[Round "5"]
[White "Etmans, Maarten"]
[Black "Seeleman, Jan"]
[Result "0-1"]
[WhiteElo "1979"]
[BlackElo "1931"]
[PlyCount "108"]
[EventDate "2014.??.??"]

1. e4 c5 2. Nf3 d6 3. Bb5+ Nd7 4. O-O g6 5. c3 Ngf6 6. Qe2 a6 7. Bxd7+ Bxd7 8.
Rd1 e5 9. d4 Qc7 10. dxe5 dxe5 11. c4 Bg7 12. Nc3 O-O 13. Bg5 Bc6 14. Bxf6 Bxf6
15. Nd5 Bxd5 16. cxd5 Be7 17. Qd2 Bd6 18. Rac1 Qd7 19. Qh6 f6 20. Rd3 b5 21. h4
c4 22. Rdc3 Rfc8 23. a3 Rc7 24. R1c2 a5 25. h5 Qg7 26. Qe3 Bc5 27. Qd2 Rd8 28.
hxg6 Qxg6 29. Qe1 Rg7 30. Nh4 Qg4 31. Kf1 Qxh4 32. Rh3 Qg4 33. Rg3 Qd7 34.
Rxg7+ Kxg7 35. Qxa5 Bd4 36. a4 Rb8 37. Qb4 Qe8 38. a5 Qf8 39. d6 Qc8 40. Qa3
Qg4 41. f3 Qh5 42. d7 Qh1+ 43. Ke2 Qxg2+ 44. Ke1 Qg1+ 45. Ke2 Qf2+ 46. Kd1 Qf1+
47. Kd2 Kf7 48. Qd6 Qf2+ 49. Kd1 Qxf3+ 50. Re2 Qf1+ 51. Kd2 Qf4+ 52. Kd1 Rd8
53. Qd5+ Ke7 54. Qxb5 Rxd7 0-1

[Event "Seniorenkampioenschap 2014"]
[Site "Oosterbeek, Netherlands"]
[Date "2014.07.09"]
[Round "5"]
[White "Pols, Leendert"]
[Black "Wagenaar, Harm Theo"]
[Result "1-0"]
[WhiteElo "1961"]
[BlackElo "1970"]
[PlyCount "83"]
[EventDate "2014.??.??"]

1. d4 d5 2. Nf3 Nf6 3. g3 c6 4. Bg2 Bg4 5. O-O Nbd7 6. Nbd2 e6 7. h3 Bh5 8. c4
Be7 9. Re1 O-O 10. cxd5 exd5 11. g4 Bg6 12. Ne5 Nxe5 13. dxe5 Nd7 14. f4 f5 15.
gxf5 Bxf5 16. e4 dxe4 17. Nxe4 Nc5 18. Nxc5 Bxc5+ 19. Be3 Qxd1 20. Raxd1 Bxe3+
21. Rxe3 Be6 22. Re4 Bxa2 23. Rb4 Rab8 24. Ra1 a5 25. Rd4 c5 26. Rd7 Be6 27.
Re7 Rfe8 28. Rxe6 Rxe6 29. Bd5 Kf8 30. Bxe6 Ke7 31. Bg4 b6 32. Rd1 Rb7 33. Rd5
Rc7 34. b3 c4 35. bxc4 Rxc4 36. Rd7+ Kf8 37. f5 a4 38. Rb7 Rb4 39. f6 gxf6 40.
exf6 b5 41. Be6 Re4 42. Rb8# 1-0

[Event "Seniorenkampioenschap 2014"]
[Site "Oosterbeek, Netherlands"]
[Date "2014.07.09"]
[Round "5"]
[White "Landsbergen, Ron"]
[Black "Scheeren, Fred"]
[Result "1/2-1/2"]
[WhiteElo "1977"]
[BlackElo "1941"]
[PlyCount "69"]
[EventDate "2014.??.??"]

1. e4 c5 2. Nc3 Nc6 3. g3 g6 4. Bg2 Bg7 5. d3 d6 6. f4 e6 7. Nf3 Nge7 8. O-O
O-O 9. Be3 Nd4 10. Qd2 Nec6 11. Nd1 Nxf3+ 12. Bxf3 Qe7 13. c3 f5 14. Bf2 Bd7
15. Ne3 Be8 16. Rae1 Qd7 17. Nc2 Bf7 18. d4 cxd4 19. Nxd4 Rad8 20. Nxc6 bxc6
21. Rd1 Qc7 22. Qc2 c5 23. Rd2 Rd7 24. Rfd1 Rfd8 25. exf5 exf5 26. Bd5 Bf6 27.
Bxf7+ Rxf7 28. Rd5 Kg7 29. c4 Rb8 30. b3 Be7 31. Be3 Re8 32. Bc1 Bf6 33. Bb2
Re6 34. Bxf6+ Rfxf6 35. Qd2 1/2-1/2

[Event "Seniorenkampioenschap 2014"]
[Site "Oosterbeek, Netherlands"]
[Date "2014.07.09"]
[Round "5"]
[White "Van Wageningen, Arie"]
[Black "Thieme, Wim"]
[Result "1-0"]
[WhiteElo "2079"]
[BlackElo "1927"]
[PlyCount "87"]
[EventDate "2014.??.??"]

1. Nf3 d5 2. d4 Nf6 3. g3 g6 4. Bg2 Bg7 5. b3 O-O 6. Bb2 c6 7. O-O Bf5 8. Nbd2
Na6 9. Nh4 Qd7 10. Nxf5 Qxf5 11. c4 Qd7 12. Rc1 Rac8 13. Qc2 Rfd8 14. Rcd1 Ne8
15. e4 dxe4 16. Nxe4 Nf6 17. Ng5 e6 18. Qe2 h6 19. Nf3 Qe8 20. Rfe1 Nb8 21. Ne5
Nbd7 22. Nd3 Nf8 23. a4 b6 24. h4 N6h7 25. Ne5 c5 26. d5 Nf6 27. Nc6 Rd7 28.
Qf3 N8h7 29. dxe6 Rxd1 30. exf7+ Qxf7 31. Qxd1 Re8 32. Rxe8+ Qxe8 33. Nxa7 Nf8
34. Nb5 Ne6 35. Qd6 Nd4 36. Nxd4 Qe1+ 37. Bf1 Ne4 38. Qe6+ Kh7 39. Qf7 Qb1 40.
h5 Nd2 41. Qxg6+ Qxg6 42. hxg6+ Kxg6 43. Bd3+ Kf7 44. Bc1 1-0

[Event "Seniorenkampioenschap 2014"]
[Site "Oosterbeek, Netherlands"]
[Date "2014.07.09"]
[Round "5"]
[White "Burer, Audry"]
[Black "Mostertman, Loek"]
[Result "0-1"]
[WhiteElo "1922"]
[BlackElo "1901"]
[PlyCount "96"]
[EventDate "2014.??.??"]

1. e4 e5 2. Nf3 Nc6 3. d4 exd4 4. Bc4 Nf6 5. O-O Nxe4 6. Re1 d5 7. Bxd5 Qxd5 8.
Nc3 Qa5 9. Nxe4 Be6 10. Bd2 Qd5 11. Bg5 Be7 12. Bxe7 Kxe7 13. Nfg5 Rae8 14.
Nxe6 fxe6 15. Qg4 Rhf8 16. Qxg7+ Rf7 17. Qg5+ Qxg5 18. Nxg5 Rf6 19. Re2 Rg6 20.
Rae1 Kd6 21. Ne4+ Kd5 22. Rd1 Rf8 23. c3 e5 24. b3 b5 25. cxd4 exd4 26. Rc1 d3
27. Nc3+ Kd6 28. Nxb5+ Kd7 29. Rd2 Ne5 30. Kf1 Rc6 31. Rxc6 Kxc6 32. Nc3 Kc5
33. f3 Kd4 34. Nb5+ Ke3 35. Rd1 d2 36. Nxc7 Rd8 37. h3 Nd3 38. Ne6 Rc8 39. Nd4
Nb2 40. Nf5+ Kd3 41. Rxd2+ Kxd2 42. Kf2 Nd3+ 43. Kg3 Rc2 44. Nd6 Rxa2 45. Ne4+
Ke3 46. Nf6 Rb2 47. Nxh7 Rxb3 48. h4 a5 0-1

[Event "Seniorenkampioenschap 2014"]
[Site "Oosterbeek, Netherlands"]
[Date "2014.07.10"]
[Round "6"]
[White "Markus, John"]
[Black "Jonkman, Fokke"]
[Result "0-1"]
[WhiteElo "2127"]
[BlackElo "2044"]
[PlyCount "80"]
[EventDate "2014.??.??"]

1. d4 c5 2. e3 g6 3. c3 Bg7 4. Nf3 Nf6 5. Nbd2 b6 6. Be2 Bb7 7. O-O O-O 8. a4
d6 9. Nc4 Qc7 10. b3 Ne4 11. Bb2 Nd7 12. Rc1 a6 13. Ncd2 Ndf6 14. c4 e6 15.
Nxe4 Nxe4 16. Nd2 f5 17. Nxe4 fxe4 18. Rc2 Rad8 19. Rd2 Qe7 20. dxc5 bxc5 21.
Bxg7 Kxg7 22. Qa1+ e5 23. Qc3 Rf6 24. b4 cxb4 25. Qxb4 Bc8 26. a5 Qf8 27. Bd1
Rd7 28. Bc2 Bb7 29. c5 d5 30. Bxe4 Rff7 31. Bc2 Rc7 32. Qc3 Qe7 33. Bb3 Rxc5
34. Qb4 Rb5 35. Qc3 Qc7 36. Qa1 Rxb3 37. Rc1 Qd6 38. e4 d4 39. Rb2 Rxb2 40.
Qxb2 Bxe4 0-1

[Event "Seniorenkampioenschap 2014"]
[Site "Oosterbeek, Netherlands"]
[Date "2014.07.10"]
[Round "6"]
[White "Van Lanen, Toon"]
[Black "Vogel, Jaap"]
[Result "1/2-1/2"]
[WhiteElo "2098"]
[BlackElo "2217"]
[PlyCount "35"]
[EventDate "2014.??.??"]

1. e4 e6 2. d4 d5 3. Nc3 Bb4 4. exd5 exd5 5. Bd3 c6 6. Nf3 Ne7 7. Bf4 Bf5 8.
Bxf5 Nxf5 9. Qd3 Qf6 10. O-O-O O-O 11. Bg5 Qg6 12. Ne2 Be7 13. h4 Bxg5+ 14.
hxg5 Nd6 15. Qb3 Nd7 16. Rh3 Rae8 17. Nf4 Qf5 18. Nd3 1/2-1/2

[Event "Seniorenkampioenschap 2014"]
[Site "Oosterbeek, Netherlands"]
[Date "2014.07.10"]
[Round "6"]
[White "Van den Berg, Ad"]
[Black "Van Oosten, Arend"]
[Result "1/2-1/2"]
[WhiteElo "2187"]
[BlackElo "2100"]
[PlyCount "68"]
[EventDate "2014.??.??"]

1. e4 e6 2. d4 d5 3. exd5 exd5 4. Nf3 Bd6 5. c4 c6 6. Nc3 Ne7 7. c5 Bc7 8. Bg5
O-O 9. Bh4 Bf5 10. Be2 Re8 11. O-O Nd7 12. b4 a6 13. a4 Nf8 14. Qd2 Nfg6 15.
Bg3 Bg4 16. Qg5 Bf5 17. Rfe1 h6 18. Qd2 Bg4 19. b5 Ba5 20. b6 Nf5 21. Bd3 Qd7
22. Qc2 Bxc3 23. Bxf5 Qxf5 24. Qxc3 Bxf3 25. gxf3 f6 26. Re3 Rxe3 27. Qxe3 Kf7
28. Re1 Qd7 29. Qd3 Ne7 30. h4 Nf5 31. h5 Re8 32. Rd1 Qe6 33. Kg2 Kg8 34. Rd2
Kf7 1/2-1/2

[Event "Seniorenkampioenschap 2014"]
[Site "Oosterbeek, Netherlands"]
[Date "2014.07.10"]
[Round "6"]
[White "Seeleman, Jan"]
[Black "Calje, Tom"]
[Result "1/2-1/2"]
[WhiteElo "1931"]
[BlackElo "1961"]
[PlyCount "39"]
[EventDate "2014.??.??"]

1. e4 d5 2. exd5 Qxd5 3. Nf3 Nf6 4. d4 c6 5. c4 Qd6 6. Nc3 Bg4 7. Be2 e6 8. O-O
Nbd7 9. Be3 Be7 10. Qd2 Bxf3 11. Bxf3 O-O 12. Rad1 Rfd8 13. Bf4 Qb4 14. Qe2 Nb6
15. Bc7 Rd7 16. Bxb6 Qxb6 17. d5 exd5 18. cxd5 cxd5 19. Nxd5 Nxd5 20. Rxd5
1/2-1/2

[Event "Seniorenkampioenschap 2014"]
[Site "Oosterbeek, Netherlands"]
[Date "2014.07.10"]
[Round "6"]
[White "Viergever, Max"]
[Black "Schouten, Nico"]
[Result "0-1"]
[WhiteElo "2081"]
[BlackElo "2232"]
[PlyCount "58"]
[EventDate "2014.??.??"]

1. e4 e5 2. Nf3 Nc6 3. Bb5 a6 4. Bxc6 dxc6 5. O-O Ne7 6. Nxe5 Qd4 7. Qh5 g6 8.
Nf3 Qxe4 9. Qa5 Qxc2 10. Qxc7 f6 11. Nc3 Qf5 12. Re1 Kf7 13. Ne4 Kg7 14. b3 Kg8
15. Bb2 Nd5 16. Qd8 Kg7 17. Nh4 Qd7 18. Bxf6+ Nxf6 19. Qxf6+ Kg8 20. Qe5 Qe7
21. Qf4 Bf5 22. Nxf5 gxf5 23. Qxf5 Bg7 24. Nc3 Qf7 25. Qe6 Rd8 26. Rad1 Qxe6
27. Rxe6 Bxc3 28. h4 Kf7 29. Rde1 Bf6 0-1

[Event "Seniorenkampioenschap 2014"]
[Site "Oosterbeek, Netherlands"]
[Date "2014.07.10"]
[Round "6"]
[White "Hoynck van Papendrecht, Fr"]
[Black "Van Leeuwen, Etienne"]
[Result "1/2-1/2"]
[WhiteElo "2074"]
[BlackElo "2013"]
[PlyCount "40"]
[EventDate "2014.??.??"]

1. d4 Nf6 2. Nf3 g6 3. Bg5 Bg7 4. Nbd2 d5 5. e3 O-O 6. c4 c5 7. cxd5 cxd4 8. e4
Bg4 9. Bd3 Nbd7 10. h3 Bxf3 11. Nxf3 Nc5 12. Qe2 Qa5+ 13. Bd2 Qb6 14. Rb1 e6
15. dxe6 Nxd3+ 16. Qxd3 Qxe6 17. Nxd4 Qxe4+ 18. Qxe4 Nxe4 19. Be3 Rfd8 20. Nf3
a6 1/2-1/2

[Event "Seniorenkampioenschap 2014"]
[Site "Oosterbeek, Netherlands"]
[Date "2014.07.10"]
[Round "6"]
[White "Smeets, Pierre"]
[Black "Lootsma, Jan"]
[Result "1/2-1/2"]
[WhiteElo "2043"]
[BlackElo "1991"]
[PlyCount "110"]
[EventDate "2014.??.??"]

1. d4 e6 2. Nf3 d5 3. Bg5 Nf6 4. e3 Be7 5. Nbd2 a6 6. Bd3 b5 7. O-O Nbd7 8. Qe2
c5 9. c3 Bb7 10. a3 O-O 11. b4 c4 12. Bc2 Ne4 13. Bxe7 Qxe7 14. Nxe4 dxe4 15.
Nd2 f5 16. f3 exf3 17. Nxf3 Nf6 18. Ne5 Nd5 19. Qe1 Qg5 20. Rf3 Rad8 21. a4
bxa4 22. Bxa4 f4 23. exf4 Nxf4 24. Rg3 Qh5 25. Bd1 Qf5 26. Bf3 Nd5 27. Be4 Qf4
28. Rg4 Qf6 29. Bxd5 exd5 30. Ra2 Bc8 31. Rg3 Qh6 32. Rf2 Rxf2 33. Qxf2 Rf8 34.
Rf3 Rxf3 35. Nxf3 Qc1+ 36. Qe1 Qxe1+ 37. Nxe1 Kf7 38. Kf2 Kf6 39. Ke3 Bf5 40.
Nf3 Be4 41. Ne1 Kf5 42. Kf2 g5 43. Ke3 Kg4 44. Kf2 h5 45. Ke2 h4 46. Ke3 Kf5
47. Ke2 Kf4 48. Kf2 g4 49. g3+ hxg3+ 50. hxg3+ Kf5 51. Ke3 Kg5 52. Kd2 Kf5 53.
Ke3 Kg5 54. Ke2 Kf6 55. Ke3 Kg5 1/2-1/2

[Event "Seniorenkampioenschap 2014"]
[Site "Oosterbeek, Netherlands"]
[Date "2014.07.10"]
[Round "6"]
[White "Goossen, Theo"]
[Black "Pols, Leendert"]
[Result "0-1"]
[WhiteElo "1970"]
[BlackElo "1961"]
[PlyCount "96"]
[EventDate "2014.??.??"]

1. e4 e6 2. d4 d5 3. Nd2 Be7 4. Bd3 c5 5. dxc5 Nf6 6. exd5 Qxd5 7. Ngf3 Nbd7 8.
Bc4 Qxc5 9. Qe2 O-O 10. O-O Nb6 11. Bd3 Nbd5 12. Ne4 Nxe4 13. Qxe4 Nf6 14. Qe2
Qc7 15. c4 b6 16. b3 Bb7 17. Ne5 Rad8 18. Bb2 Ba8 19. f4 Bc5+ 20. Kh1 Bd4 21.
Rad1 Bxb2 22. Qxb2 Rd6 23. h3 Rfd8 24. Qe2 Rd4 25. Bc2 R8d6 26. Rxd4 Rxd4 27.
Kh2 Qb7 28. Rd1 Rxd1 29. Bxd1 g6 30. Qd2 Qc7 31. Bc2 Ne8 32. Qd7 Qxd7 33. Nxd7
f6 34. c5 bxc5 35. Nxc5 Kf7 36. g4 Nc7 37. a4 Ke7 38. h4 Kd6 39. b4 Nd5 40.
Ne4+ Ke7 41. g5 f5 42. Nf6 Nxb4 43. Bd1 h5 44. Ng8+ Kd6 45. Bxh5 gxh5 46. g6
Nd5 47. Nh6 Ke7 48. Ng8+ Kf8 0-1

[Event "Seniorenkampioenschap 2014"]
[Site "Oosterbeek, Netherlands"]
[Date "2014.07.10"]
[Round "6"]
[White "Mostertman, Loek"]
[Black "Landsbergen, Ron"]
[Result "1/2-1/2"]
[WhiteElo "1901"]
[BlackElo "1977"]
[PlyCount "36"]
[EventDate "2014.??.??"]

1. e4 c5 2. Nf3 e6 3. d4 cxd4 4. c3 d5 5. exd5 exd5 6. Nxd4 Nf6 7. Bb5+ Bd7 8.
Qe2+ Qe7 9. Bxd7+ Nbxd7 10. Be3 a6 11. Nd2 g6 12. O-O Bg7 13. Rfe1 O-O 14. Bf4
Qxe2 15. Rxe2 Rfe8 16. Rae1 Rxe2 17. Rxe2 Re8 18. Rxe8+ Nxe8 1/2-1/2

[Event "Seniorenkampioenschap 2014"]
[Site "Oosterbeek, Netherlands"]
[Date "2014.07.10"]
[Round "6"]
[White "Wagenaar, Harm Theo"]
[Black "Van Wageningen, Arie"]
[Result "0-1"]
[WhiteElo "1970"]
[BlackElo "2079"]
[PlyCount "110"]
[EventDate "2014.??.??"]

1. d4 d5 2. Nf3 Nf6 3. e3 g6 4. c4 Bg7 5. Nc3 O-O 6. Qb3 e6 7. Bd2 Nc6 8. cxd5
exd5 9. Rc1 Rb8 10. Be2 Bg4 11. O-O Ne4 12. Be1 Nxc3 13. Qxc3 Rc8 14. h3 Bf5
15. Qc5 Re8 16. Bb5 Re6 17. Qa3 Ne7 18. Bb4 Bf8 19. Ne5 c6 20. Be2 a5 21. Bxa5
b6 22. Bd2 c5 23. g4 Be4 24. f3 f6 25. fxe4 fxe5 26. dxc5 bxc5 27. exd5 Ra8 28.
Qxc5 Nf5 29. Qc4 Nd6 30. Qd3 Re8 31. e4 Rxa2 32. Bc3 Bh6 33. Ra1 Qb6+ 34. Kg2
Rxa1 35. Rxa1 Rf8 36. Rf1 Bf4 37. Bf3 Rc8 38. Rb1 Nc4 39. Be1 Qb5 40. Be2 Qb6
41. Bf2 Qb8 42. b3 Nd6 43. Be3 g5 44. Bf2 Qb4 45. Bf3 Rc3 46. Qe2 Qb8 47. b4
Qc8 48. Bc5 Nc4 49. Kh1 Nd2 50. Rd1 Rxf3 51. Rxd2 Rxh3+ 52. Kg1 Bxd2 53. d6 Qe6
54. Qxd2 Qxg4+ 55. Kf1 Rh1+ 0-1

[Event "Seniorenkampioenschap 2014"]
[Site "Oosterbeek, Netherlands"]
[Date "2014.07.10"]
[Round "6"]
[White "Scheeren, Fred"]
[Black "Etmans, Maarten"]
[Result "0-1"]
[WhiteElo "1941"]
[BlackElo "1979"]
[PlyCount "116"]
[EventDate "2014.??.??"]

1. e4 Nc6 2. d4 e5 3. dxe5 Nxe5 4. f4 Ng6 5. Be3 Bb4+ 6. c3 Ba5 7. Nd2 Bb6 8.
Bxb6 axb6 9. g3 d6 10. Ngf3 Nf6 11. Bg2 O-O 12. O-O Re8 13. Qc2 Bd7 14. Rfe1
Bc6 15. Nd4 Qd7 16. c4 b5 17. cxb5 Bxb5 18. Nxb5 Qxb5 19. Nb1 d5 20. e5 Qb6+
21. Qf2 Qxf2+ 22. Kxf2 Ng4+ 23. Kg1 c6 24. Bf3 Nf6 25. Nc3 Nd7 26. Rad1 Nc5 27.
Kf2 Nf8 28. a3 Nfd7 29. Bg4 Nb6 30. Bf5 Nc4 31. Re2 f6 32. exf6 Rxe2+ 33. Nxe2
Nxb2 34. Rb1 Nc4 35. fxg7 Rxa3 36. Nd4 Ra2+ 37. Kg1 Kxg7 38. Ne6+ Nxe6 39. Bxe6
Kf6 40. Bc8 b5 41. g4 d4 42. g5+ Kg7 43. Bg4 d3 44. Re1 d2 45. Re7+ Kf8 46. Rd7
Ne3 47. Bh5 Ra1+ 48. Kf2 d1=Q 49. Bxd1 Nxd1+ 50. Kf3 b4 51. Rb7 c5 52. Ke4 Ra8
53. Kd5 Rc8 54. Rxh7 Kg8 55. g6 c4 56. f5 Ne3+ 57. Ke6 Nxf5 58. Kxf5 c3 0-1

[Event "Seniorenkampioenschap 2014"]
[Site "Oosterbeek, Netherlands"]
[Date "2014.07.10"]
[Round "6"]
[White "Thieme, Wim"]
[Black "Burer, Audry"]
[Result "0-1"]
[WhiteElo "1927"]
[BlackElo "1922"]
[PlyCount "162"]
[EventDate "2014.??.??"]

1. e4 c5 2. Nf3 d6 3. d4 cxd4 4. Nxd4 Nf6 5. Nc3 g6 6. f4 Nc6 7. Be2 Bg7 8. Be3
O-O 9. Bf3 Qb6 10. Qd2 Nxe4 11. Nxc6 Nxd2 12. Bxb6 Nxf3+ 13. gxf3 bxc6 14. Be3
Be6 15. Nd1 Rfb8 16. c3 Rb5 17. Kf2 a5 18. Bd4 Bh6 19. Kg3 a4 20. Rf1 Rab8 21.
Rf2 c5 22. Be3 Bg7 23. Rd2 Kf8 24. a3 Bf5 25. Rc1 c4 26. Bd4 Bh6 27. Ba7 R8b7
28. Be3 Bd3 29. Rg2 Ke8 30. Rd2 Kd7 31. h3 Bg7 32. Rh2 Ke6 33. Rg2 Bf6 34. Rd2
h5 35. h4 Bg7 36. Rg2 Kf5 37. Bd4 Bxd4 38. cxd4 Ke6 39. Rd2 d5 40. Kf2 Kd6 41.
Ke3 f6 42. Rg2 Bf5 43. Rc3 e5 44. fxe5+ fxe5 45. dxe5+ Kxe5 46. f4+ Kd6 47. Kd4
Re7 48. Re3 Rxe3 49. Nxe3 Ke6 50. Re2 Bd3 51. Rg2 Be4 52. Rd2 Bf3 53. Rf2 Bg4
54. Rg2 Kf6 55. Nxd5+ Rxd5+ 56. Kxc4 Ra5 57. b4 axb3 58. Kxb3 Bd1+ 59. Kb2 Ra4
60. Rd2 Bg4 61. Kb3 Rxf4 62. a4 Bf3 63. a5 Ke5 64. Rd8 Bd5+ 65. Ka3 Bc6 66. Rg8
Kf5 67. Rc8 Be4 68. a6 Kg4 69. a7 Kxh4 70. Rc4 Rf8 71. Rxe4+ Kg3 72. Ra4 Ra8
73. Kb2 h4 74. Ra5 Kg4 75. Ra4+ Kh5 76. Ra5+ g5 77. Ra4 h3 78. Ra2 Kh4 79. Kc3
Kg3 80. Ra3 h2 81. Kd2+ Kg2 0-1

[Event "Seniorenkampioenschap 2014"]
[Site "Oosterbeek, Netherlands"]
[Date "2014.07.11"]
[Round "7"]
[White "Jonkman, Fokke"]
[Black "Vogel, Jaap"]
[Result "0-1"]
[WhiteElo "2044"]
[BlackElo "2217"]
[PlyCount "152"]
[EventDate "2014.??.??"]

1. c4 c6 2. Nf3 d5 3. e3 Nf6 4. b3 Bg4 5. Be2 e6 6. Bb2 Nbd7 7. O-O h6 8. d3
Be7 9. Ne5 Bxe2 10. Qxe2 Nxe5 11. Bxe5 O-O 12. Bb2 a5 13. Nc3 Re8 14. Rad1 e5
15. cxd5 cxd5 16. Nb1 Bd6 17. g3 a4 18. bxa4 Rxa4 19. Nc3 Ra5 20. a3 Bxa3 21.
Bxa3 Rxa3 22. Qb2 Qa5 23. Nb1 Ra2 24. Qxb7 d4 25. e4 h5 26. Qc6 Rb8 27. Rc1 h4
28. Rc5 Qb4 29. gxh4 Rb2 30. Rcc1 Qb3 31. Qa6 Ng4 32. Rc8+ Kh7 33. Rxb8 Qxb8
34. Qa1 Nxf2 35. Na3 Nh3+ 36. Kh1 Nf2+ 37. Kg1 Nxd3 38. Nc4 Rb7 39. Qd1 Nf4 40.
Qg4 f6 41. Qf5+ Kg8 42. Rxf4 exf4 43. Qd5+ Kf8 44. Qc5+ Re7 45. Nb6 Qc7 46.
Qxd4 f3 47. Kf2 Qxh2+ 48. Kxf3 Qh1+ 49. Ke3 Qg1+ 50. Kd3 Qxd4+ 51. Kxd4 Kf7 52.
Nc4 Kg6 53. Ke3 Kh5 54. Kf4 g6 55. Ne3 Kxh4 56. Nd5 Re6 57. Kf3 Kg5 58. Nf4 Ra6
59. Nh3+ Kh4 60. Nf4 Ra3+ 61. Kf2 Kg5 62. Nd5 Rd3 63. Ne3 Kf4 64. Nf1 Kxe4 65.
Ke2 Ra3 66. Nd2+ Kf4 67. Nc4 Ra2+ 68. Kd3 g5 69. Nb6 f5 70. Nd5+ Kf3 71. Nb4
Ra3+ 72. Kd2 g4 73. Ke1 Ra1+ 74. Kd2 g3 75. Nd3 g2 76. Ne5+ Kg3 0-1

[Event "Seniorenkampioenschap 2014"]
[Site "Oosterbeek, Netherlands"]
[Date "2014.07.11"]
[Round "7"]
[White "Van Oosten, Arend"]
[Black "Van Lanen, Toon"]
[Result "0-1"]
[WhiteElo "2100"]
[BlackElo "2098"]
[PlyCount "122"]
[EventDate "2014.??.??"]

1. e4 d5 2. exd5 Qxd5 3. Nf3 Nf6 4. d4 Bg4 5. Be2 Nc6 6. c4 Qd7 7. Be3 e6 8.
O-O Bd6 9. Nc3 O-O 10. Qd2 Bb4 11. Rad1 Rad8 12. Qc1 Qc8 13. a3 Bxc3 14. Qxc3
h6 15. h3 Bh5 16. b4 Ne7 17. g4 Bg6 18. Ne5 Bh7 19. Qc1 Ne4 20. Kh2 f6 21. Nd3
Nc6 22. f3 Ng5 23. h4 Nf7 24. Nf2 f5 25. b5 Ne7 26. g5 h5 27. f4 Nd6 28. Bxh5
Bg6 29. Bxg6 Nxg6 30. h5 Ne7 31. Bd2 c6 32. Bb4 cxb5 33. cxb5 Qd7 34. Nd3 Qxb5
35. Qe3 Qd5 36. Nc5 a5 37. Nxe6 axb4 38. Nxd8 Ne4 39. axb4 Rxd8 40. h6 Qa2+ 41.
Kg1 gxh6 42. Ra1 Qb2 43. Rab1 Qd2 44. Qxd2 Nxd2 45. Rbe1 Nd5 46. Rf2 Ne4 47.
gxh6 Nxf2 48. Kxf2 Kf7 49. Kf3 Rh8 50. Re5 Ne7 51. Rb5 Rxh6 52. Rxb7 Rh3+ 53.
Ke2 Ke6 54. Rb6+ Kd5 55. Rb7 Nc6 56. Rd7+ Ke4 57. d5 Nxb4 58. d6 Rh2+ 59. Kf1
Nd3 60. Rg7 Kxf4 61. d7 Rh8 0-1

[Event "Seniorenkampioenschap 2014"]
[Site "Oosterbeek, Netherlands"]
[Date "2014.07.11"]
[Round "7"]
[White "Calje, Tom"]
[Black "Van den Berg, Ad"]
[Result "0-1"]
[WhiteElo "1961"]
[BlackElo "2187"]
[PlyCount "102"]
[EventDate "2014.??.??"]

1. f4 d5 2. Nf3 Bg4 3. e3 Nf6 4. Be2 Nbd7 5. d4 e6 6. Ne5 Bf5 7. O-O h5 8. c4
c6 9. Nd2 Bd6 10. Ndf3 Bxe5 11. Nxe5 g6 12. Bd2 Qb6 13. b4 dxc4 14. Nxd7 Nxd7
15. Bxc4 O-O 16. Be2 Nf6 17. h3 Kg7 18. Kh2 Rh8 19. Bf3 Be4 20. Bc3 Rad8 21. d5
Rxd5 22. Qe1 Bxf3 23. Qh4 Qd8 24. gxf3 Rd3 25. Rad1 Rxc3 26. Rxd8 Rxd8 27. e4
Rd4 28. Rf2 Rxb4 29. Qg5 Rbc4 30. Qe5 Rc2 31. Kg2 b5 32. a3 a5 33. Qc7 a4 34.
Qa7 h4 35. f5 exf5 36. e5 Nh5 37. Rxc2 Nf4+ 38. Kh1 Rxc2 39. Qd4 Ne6 40. Qxh4
g5 41. Qb4 Rc5 42. h4 Rc4 43. Qe7 Rxh4+ 44. Kg2 Rh6 45. Kf2 Rg6 46. Kg3 g4 47.
Qd7 f4+ 48. Kg2 gxf3+ 49. Kxf3 c5 50. Kf2 Rg3 51. Qe7 Rxa3 0-1

[Event "Seniorenkampioenschap 2014"]
[Site "Oosterbeek, Netherlands"]
[Date "2014.07.11"]
[Round "7"]
[White "Pols, Leendert"]
[Black "Markus, John"]
[Result "1-0"]
[WhiteElo "1961"]
[BlackElo "2127"]
[PlyCount "97"]
[EventDate "2014.??.??"]

1. d4 d5 2. Nf3 e6 3. c4 c6 4. g3 f5 5. Qc2 Nf6 6. Bg2 Bd6 7. O-O O-O 8. b3 Qe7
9. Bb2 a5 10. Nc3 Na6 11. a3 Bd7 12. e3 Be8 13. Ne2 Bh5 14. Ne5 Bxe2 15. Qxe2
Bxe5 16. dxe5 Nd7 17. f3 Ndc5 18. Qc2 dxc4 19. bxc4 h5 20. f4 h4 21. gxh4 Qxh4
22. Rf3 Kf7 23. Rh3 Qe7 24. Bf3 Rh8 25. Qg2 g6 26. Rg3 Rag8 27. Rg5 Rh6 28. Kh1
Rgh8 29. Rg1 Rxh2+ 30. Qxh2 Rxh2+ 31. Kxh2 Nd3 32. Bd4 c5 33. Bc3 Ke8 34. R1g3
Nf2 35. Kg2 Ne4 36. Bxe4 fxe4 37. Rxg6 Qh4 38. R6g5 Qh6 39. Rh3 Qf8 40. Rgh5
Kd7 41. Rg5 Kc6 42. Rg6 Nc7 43. Rh7 b6 44. Be1 Qd8 45. Bf2 Qd1 46. Rh3 Qe2 47.
f5 Qxc4 48. f6 Qd5 49. f7 1-0

[Event "Seniorenkampioenschap 2014"]
[Site "Oosterbeek, Netherlands"]
[Date "2014.07.11"]
[Round "7"]
[White "Schouten, Nico"]
[Black "Seeleman, Jan"]
[Result "0-1"]
[WhiteElo "2232"]
[BlackElo "1931"]
[PlyCount "76"]
[EventDate "2014.??.??"]

1. d4 Nf6 2. c4 g6 3. Nc3 Bg7 4. e4 d6 5. Nf3 O-O 6. Be2 e5 7. O-O Nc6 8. d5
Ne7 9. Ne1 Nd7 10. Be3 f5 11. f3 f4 12. Bf2 g5 13. Nd3 Nf6 14. c5 h5 15. a4 g4
16. a5 Rf7 17. a6 b6 18. cxb6 cxb6 19. Nb4 Bf8 20. Bh4 Bd7 21. Bxf6 Rxf6 22.
fxg4 Qc8 23. g5 Rg6 24. Rf2 Rxg5 25. Rc1 Qe8 26. h4 Rg4 27. Bxg4 hxg4 28. Nc6
Qh5 29. g3 Ng6 30. Qd3 Bh6 31. Rcf1 Be8 32. Nb5 fxg3 33. Qxg3 Bf4 34. Rxf4 exf4
35. Qh2 Bxc6 36. dxc6 Qxb5 37. h5 Qc5+ 38. Kh1 Kg7 0-1